000 01332nam a2200229 a 4500
008 190822s1997 ||||||||||||||||| || u
020 _a9780132108089
050 _aTA 168 Row
100 _aRowell, Derek
245 1 0 _aSystem dynamics: an introduction
_cBy Derek Rowell ; David N. Wormley
260 _aNew Jersey
_bPrentice-Hall
_c1997
300 _axv, 592 pages : illustrations
350 _a89.01
650 0 _aSYSTEM ANALYSIS
650 0 _aSYSTEMS ENGINEERING
700 _aWormley, david N
995 _aMAIN LIBRARY OPEN ACCESS
_e749872
_FCBU-MAIN LIBRARY (Kitwe)
_I89.01
_jTA 168 Row
_M2
_UAVAILABLE
_WAug 23, 2019
_y749872
_ZMain Library Open Access Collection
995 _aMAIN LIBRARY OPEN ACCESS
_e749875
_FCBU-MAIN LIBRARY (Kitwe)
_I89.01
_jTA 168 Row
_M4
_UAVAILABLE
_WAug 23, 2019
_y749875
_ZMain Library Open Access Collection
995 _aMAIN LIBRARY OPEN ACCESS
_e749876
_FCBU-MAIN LIBRARY (Kitwe)
_I89.01
_jTA 168 Row
_M5
_UAVAILABLE
_WAug 23, 2019
_y749876
_ZMain Library Open Access Collection
995 _aMAIN LIBRARY OPEN ACCESS
_e749873
_FCBU-MAIN LIBRARY (Kitwe)
_I89.01
_jTA 168 Row
_M1
_UAVAILABLE
_WAug 23, 2019
_y749873
_ZMain Library Open Access Collection
995 _aMAIN LIBRARY OPEN ACCESS
_e749874
_FCBU-MAIN LIBRARY (Kitwe)
_I89.01
_jTA 168 Row
_M3
_UAVAILABLE
_WAug 23, 2019
_y749874
_ZMain Library Open Access Collection
999 _c80881
_d80881